Statistics for Countries that borders Bulgaria by their official names.

Click here to take the quiz!

General Stats

  • This quiz has been taken 11 times
  • The average score is 3 of 5

Answer Stats

Country% Correct
Republic of Serbia
82%
Romania
73%
Republic of North Macedonia
64%
Hellenic Republic
55%
Republic of Türkiye
36%

Score Distribution

Percentile by Number Answered

Percent of People with Each Score

Your Score History

You have not taken this quiz